000 00769nam a2200265Ia 4500
001 Para_5308
003 CHAP
008 220125s1922 xx 000 0 und d
010 _a203837
040 _cCHAP
090 _aPA FOLLETO 2649
100 _aBack, E. A.
_99300
245 _aWeevils in beans and peas /
_c by E. A. Back
260 _aWashington :
_b Department of Agriculture
300 _a35 p.
440 _aEUA. Dept. of agriculture Farmers' bull.; 1275
_9169761
650 _aAcanthoscelides obtectus Zabrotes subfasciatus Frijol
_x Plagas
_9169762
901 _aPA FOLLETO 2649
902 _aA
905 _a0000001922 WAS 0000000000 00
910 _a1922
942 _cPARA
942 _cPARA
_d1
999 _c203837
_d203837